000 00619nam a2200229Ia 4500
003 OSt
005 20220924132845.0
006 a|||||r|||| 00| 0
007 ta
008 220923b |||||||| |||| 00| 0 urd d
024 _a252050
037 _cTextual
040 _aARTS
_cARTS
_burd
041 _2urd
_aurd
082 _aO168,1L281:g, N9
100 _aMohammad Khawar Jameel
_9205188
245 0 _aShah Alam Sani Aftab
_b Ahwal-o- adabi khidmat
260 _c1999
650 _aURDU POETRY
942 _hO168,1L281:g, N9
_cTEXL
_2CC
999 _c431836
_d431836